LEADER 01327nam 2200349Ia 450 001 996387419703316 005 20221108044445.0 035 $a(CKB)1000000000633206 035 $a(EEBO)2240860922 035 $a(OCoLC)13649764 035 $a(EXLCZ)991000000000633206 100 $a19860528d1658 uy | 101 0 $aeng 135 $aurbn||||a|bb| 200 10$aFaiths victory over natvre, or, The unparallel'd president of an unnaturally religious father$b[electronic resource] $edelivered in a sermon preached at the funeral of the hopeful young gentleman Master John Rushout, son and heir to John Rushout, merchant and citizen of London /$fby Nath. Hardy .. 210 $aLondon $cPrinted by T.C. for Nathaniel Webb and William Grantham ...$d1658 215 $a[6], 24 p 300 $aReproduction of original in Huntington Library. 330 $aeebo-0113 606 $aFuneral sermons 606 $aSermons, English$y17th century 615 0$aFuneral sermons. 615 0$aSermons, English 700 $aHardy$b Nathaniel$f1618-1670.$0821523 801 0$bEAA 801 1$bEAA 801 2$bm/c 801 2$bWaOLN 906 $aBOOK 912 $a996387419703316 996 $aFaiths victory over natvre, or, The unparallel'd president of an unnaturally religious father$92330435 997 $aUNISA LEADER 03660nam 22006131c 450 001 9910784978603321 005 20200115203623.0 010 $a1-281-35722-7 010 $a1-4725-6015-9 010 $a1-84731-392-2 024 7 $a10.5040/9781472560155 035 $a(CKB)1000000000408607 035 $a(EBL)343081 035 $a(OCoLC)476157507 035 $a(MiAaPQ)EBC1772850 035 $a(MiAaPQ)EBC343081 035 $a(Au-PeEL)EBL1772850 035 $a(CaPaEBR)ebr10913747 035 $a(CaONFJC)MIL135722 035 $a(OCoLC)232956829 035 $a(UtOrBLW)bpp09256140 035 $a(Au-PeEL)EBL343081 035 $a(EXLCZ)991000000000408607 100 $a20140929d2007 uy 0 101 0 $aeng 135 $aur|n|---||||| 181 $2rdacontent 182 $2rdamedia 183 $2rdacarrier 200 10$aAnswering for crime $eresponsibility and liability in the criminal law $fR. A. Duff 210 1$aOxford $aPortland, Oregon $cHart Publishing $d2007. 215 $a1 online resource (342 p.) 225 1 $aLegal theory today 300 $aDescription based upon print version of record. 311 $a1-84946-033-7 311 $a1-84113-753-7 320 $aIncludes bibliographical references (pages 299-316) and index 327 $aINTRODUCTION -- 1. RESPONSIBILITY AND LIABILITY -- 2. CRIMINALLY RESPONSIBLE AS WHAT, TO WHOM? -- 3. RESPONSIBLE FOR WHAT? -- 4. CRIMINALLY RESPONSIBLE FOR WHAT? (1) CRIMES AS WRONGS -- 5. CRIMINALLY RESPONSIBLE FOR WHAT? (2) ACTION AND CRIME -- 6. CRIMINALLY RESPONSIBLE FOR WHAT? (3) HARMS, WRONGS AND CRIMES -- 7. STRUCTURES OF CRIME: ATTACKS AND NDANGERMENTS -- 8. ANSWERING AND REFUSING TO ANSWER -- 9. OFFENCES, DEFENCES AND THE PRESUMPTION OF INNOCENCE -- 10. STRICT LIABILITY AND STRICT RESPONSIBILITY -- 11. UNDERSTANDING DEFENCES 330 8 $aIn this long-awaited book, Antony Duff offers a new perspective on the structures of criminal law and criminal liability. His starting point is a distinction between responsibility (understood as answerability) and liability, and a conception of responsibility as relational and practice-based. This focus on responsibility, as a matter of being answerable to those who have the standing to call one to account, throws new light on a range of questions in criminal law theory: on the question of criminalisation, which can now be cast as the question of what we should have to answer for, and to whom, under the threat of criminal conviction and punishment; on questions about the criminal trial, as a process through which defendants are called to answer, and about the conditions (bars to trial) given which a trial would be illegitimate; on questions about the structure of offences, the distinction between offences and defences, and the phenomena of strict liability and strict responsibility; and on questions about the structures of criminal defences. The net result is not a theory of criminal law; but it is an account of the structure of criminal law as an institution through which a liberal polity defines a realm of public wrongdoing, and calls those who perpetrate (or are accused of perpetrating) such wrongs to account 410 0$aLegal theory today. 606 $aCriminal law$xPhilosophy 606 $2Criminal law & procedure 606 $aCriminal liability 615 0$aCriminal law$xPhilosophy. 615 0$aCriminal liability. 676 $a345.0401 700 $aDuff$b Antony$01502332 801 0$bUtOrBLW 801 1$bUtOrBLW 801 2$bUkLoBP 906 $aBOOK 912 $a9910784978603321 996 $aAnswering for crime$93746174 997 $aUNINA LEADER 03531nam 2200637Ia 450 001 9910964876803321 005 20200520144314.0 010 $a9781438431437 010 $a1438431430 035 $a(CKB)3170000000046587 035 $a(OCoLC)794698965 035 $a(CaPaEBR)ebrary10574117 035 $a(SSID)ssj0000581806 035 $a(PQKBManifestationID)11341324 035 $a(PQKBTitleCode)TC0000581806 035 $a(PQKBWorkID)10540155 035 $a(PQKB)11496224 035 $a(MdBmJHUP)muse1688 035 $a(Au-PeEL)EBL3407255 035 $a(CaPaEBR)ebr10574117 035 $a(DE-B1597)681543 035 $a(DE-B1597)9781438431437 035 $a(MiAaPQ)EBC3407255 035 $a(Perlego)2673632 035 $a(EXLCZ)993170000000046587 100 $a20090903d2010 ub 0 101 0 $aeng 135 $aurcn||||||||| 181 $ctxt 182 $cc 183 $acr 200 00$aAfrican Americans doing feminism $eputting theory into everyday practice /$fedited by Aaronette M. White 205 $a1st ed. 210 $aAlbany $cState University of New York (SUNY) Press$dc2010 215 $a1 online resource (317 p.) 300 $aBibliographic Level Mode of Issuance: Monograph 311 08$a9781438431420 311 08$a1438431422 311 08$a9781438431413 311 08$a1438431414 320 $aIncludes bibliographical references and index. 327 $aIntro -- African Americans Doing Feminism -- Contents -- Acknowledgments -- Introduction: African American Feminist Practices -- Part I. Family Values -- 1. Mother Work: A Stay-at-Home Mom Advocates Breastfeeding -- 2. Bringing Up Daddy: A Black Feminist Fatherhood -- 3. Tubes Tied, Child-Free by Choice -- Part II. Community Building -- 4. ĦOla, Hermano! A Black Latino Feminist Organizes Men -- 5. "Sister Outsiders"How the Students and I Came Out -- 6. Feminist Compassion: A Gay Man Loving Black Women -- 7. Gay, Gray, and a Place to Stay: Living It Up and Out in an RV Park -- Part III. Romantic Partnerships -- 8. The Second Time Around: Marriage, Black Feminist Style -- 9. "Every Goodbye Ain't Gone": Why the Feminist I Loved Left Me -- 10. When the Hand That Slaps Is Female: Fighting Addiction -- Part IV. Healing Practices -- 11. Resistance as Recovery: Winning a Sexual Harassment Complaint -- 12. Learning to Love the Little Black Boy in Me: Breaking Family Silences, Ending Shame -- 13. I Took Back My Dignity: Surviving and Thriving after Incest -- 14. Diving Deep and Surfacing: How I Healed from Depression -- Part V. Career Dilemmas -- 15. Mary Don't You Weep: A Feminist Nun's Vocation -- 16. Becoming an Entrepreneur -- 17. Light on a Dark Path: Self-Discovery among White Women -- 18. The Accidental Advocate: Life Coaching as a Feminist Vocation -- List of Contributors -- Index -- A -- B -- C -- D -- E -- F -- G -- H -- I -- J -- K -- L -- M -- N -- O -- P -- Q -- R -- S -- T -- U -- V -- W -- Y -- Z. 330 $aAfrican American women and men share their stories of how feminism has influenced their daily lives. 606 $aFeminism$zUnited States$xHistory 606 $aAfrican American feminists$xHistory 615 0$aFeminism$xHistory. 615 0$aAfrican American feminists$xHistory. 676 $a305.42089/96073 701 $aWhite$b Aaronette M$01812684 801 0$bMiAaPQ 801 1$bMiAaPQ 801 2$bMiAaPQ 906 $aBOOK 912 $a9910964876803321 996 $aAfrican Americans doing feminism$94365204 997 $aUNINA